000
00238 a2200109 4500
001
51223
040
_c
Anchieta - Pituba
240
1
0
_a
Crazy
_l
245
1
0
_a
Crazy
650
4
_a
Línguas germânicas (teutônicas) língua alemã
942
_c
MX
999
_c
51223
_d
51223